000
00372nam a2200133Ia 4500
008
100328s9999 xx 000 0 und d
082
_b
63688
100
_a
महाजन सुलक्षणा
245
_a
जग बदललं.
260
_b
ग्रंथाली.
630
_a
जग बदललं.
730
_a
जग बदललं.
942
_c
BOOK
999
_c
549551
_d
549548